Normal view
MARC view
- Munce, James F. [from old catalog]
Entry Personal Name
001 - CONTROL NUMBER
- control field: 45708
003 - CONTROL NUMBER IDENTIFIER
- control field: NUST
005 - DATE AND TIME OF LATEST TRANSACTION
- control field: 20210314133326.0
008 - FIXED-LENGTH DATA ELEMENTS
- fixed length control field: 210314|| aca||aabn | a|a d
040 ## - CATALOGING SOURCE
- Original cataloging agency: NUST
- Transcribing agency: NUST
100 ## - HEADING--PERSONAL NAME
- Personal name: Munce, James F. [from old catalog]
670 ## - SOURCE DATA FOUND
- Source citation: Work cat.: (NUST): Munce, James F. [from old catalog], The architect in the nuclear age;, [1964]
